Welcome to the Holygrace Academy Library

Please use search bar below to get started

SARAL NIBHANDH RACHANA (Record no. 4495)

MARC details
000 -LEADER
fixed length control field 00298nam a22001337a 4500
020 ## - INTERNATIONAL STANDARD BOOK NUMBER
ISBN 81-88008-14-1
082 ## - DEWEY DECIMAL CLASSIFICATION NUMBER
Classification number 494
Item number DEV/S
100 ## - MAIN ENTRY--AUTHOR NAME
Personal name DEVABHANDHU
245 ## - TITLE STATEMENT
Title SARAL NIBHANDH RACHANA
260 ## - PUBLICATION, DISTRIBUTION, ETC. (IMPRINT)
Place of publication MEERUT
Name of publisher VARUN PUBLISHING HOUSE
Year of publication 2008
300 ## - PHYSICAL DESCRIPTION
Number of Pages 175
650 ## - SUBJECT ADDED ENTRY--TOPICAL TERM
Topical Term ESSAY
Geographic subdivision INDIA
942 ## - ADDED ENTRY ELEMENTS (KOHA)
Koha item type Books
Holdings
Withdrawn status Lost status Collection code Home library Current library Shelving location Date acquired Source of acquisition Full call number Accession Number Koha item type
    Non-fiction Main Library Main Library   01/07/2010 PURCHASE 494 DEV/S 04938 Books